00799nam a22002417a 4500003000500000005001700005008004100022010001000063011001000073035001000083040000900093082001900102110006400121245014700185260002300332300001000355490004300365650002700408650003000435710000900465710004000474830004300514CHAP20220817041805.0971013s1974 r 00010 d a24565 a25537 a29637 cCHAP a614.3bC6 1973 aComité Mixto FAO/OMS de Expertos en Aditivos Alimentarios aEvaluación toxicológica de ciertos aditivos alimentarios con un examen de los principios generales y de las normas decimoséptimo informe aRoma :bFAO,c1974 a52 p. aFAO. Reuniones sobre nutriciónv; 5314aAditivos alimenticios.14aAlimentosxToxicología.0 aFAO.0 aOrganización Mundial de la Salud.0 aFAO. Reuniones sobre nutriciónv; 53